000 00989cam a2200229 4500
001 ABS65434
008 020419n2002 000 0 eng u
035 _a(Sirsi) u117599
100 _aEllison, W
245 4 _aThe thrill of flying solo
260 _c2002
490 _aEstates Gazette
_v(0214) 6 April 2002, 109(1)
520 _aDiscusses the pros and cons of surveyors leaving a large firm to set up on their own. Provides advice from surveyors who have made the leap. Most agree it is hard work and a potentially risky move, but can be very rewarding. Keys to success include being confident enough to establish good client relationships, having plenty of enthusiasm, sticking to a familiar market, and keeping start-up costs low.
590 _aABS
650 _aSURVEYORS
650 _aSETTING UP IN PRACTICE
650 _aMANAGEMENT-BUSINESS MANAGEMENT
650 _aSTARTING UP IN BUSINESS
650 _aSURVEYING
690 _aPROFESSIONAL PRACTICE
942 _n0
999 _c70025
_d70025